| 000 | 006590000a22001810004500 | ||
|---|---|---|---|
| 003 | MACL | ||
| 005 | 20160603161345.0 | ||
| 008 | 160603b xxu||||| |||| 00| 0 eng d | ||
| 040 |
_aMACL _cMACL |
||
| 041 | _aHindi | ||
| 082 | _a920 | ||
| 100 |
_aजैन, प्रो रवीन्द्रकुमार _962199 |
||
| 245 |
_aअभिनन्दन ग्रन्थ _cप्रो रवीन्द्रकुमार जैन |
||
| 260 |
_bतमिलनाडु बहुभाषी लेखिका संघ _c2000 _aचेन्नई |
||
| 350 | _a300 | ||
| 650 |
_aBiography _962200 |
||
| 942 |
_cHIN _k920/JAI _2ddc |
||
| 999 |
_c12635 _d12635 |
||